| 000 | 00484nam a2200193Ia 4500 | ||
|---|---|---|---|
| 999 |
_c5706 _d5706 |
||
| 008 | 200103s 2001 ||||xx |||||||||||||| ||und|| | ||
| 082 |
_a623.893 _bBHA |
||
| 100 | _aBhatia, A.G. | ||
| 245 | 0 | _aModern electronic navigation aids | |
| 250 | _a2nd | ||
| 260 |
_bLata publications _c2001 _aMumbai |
||
| 300 | _a126p. | ||
| 650 | _aDecca | ||
| 650 | _aEcho sounder | ||
| 650 | _aDoppler log | ||
| 650 | _aGyro compass | ||
| 700 |
_aSinha, S. K. _eCo-author |
||
| 942 | _cBK | ||